000 00289nam a22001337a 4500
008 180918b xxu||||| |||| 00| 0 eng d
020 _a082477615
041 _aeng
080 _a610
100 _a3
101 _aSHM
245 _aChronic Active Hepatitis
_cCzaja..A
942 _2udc
_cBK
999 _c47902
_d47902